Taxmann's Smart Strategies For Tax Savings (Record no. 622410)

MARC details
000 -LEADER
fixed length control field 00586nam a2200181 a 4500
008 - FIXED-LENGTH DATA ELEMENTS--GENERAL INFORMATION
fixed length control field 260503s2026##################000#0#eng##
020 ## - INTERNATIONAL STANDARD BOOK NUMBER
ISBN 9788184780680
Paper back/Hardbound pbk
041 ## - LANGUAGE CODE
Language code of text/sound track or separate title eng
082 04 - DEWEY DECIMAL CLASSIFICATION NUMBER
Classification number 343.73052 PAT
100 ## - MAIN ENTRY--AUTHOR NAME
Personal name Patel,Jigar M.
245 10 - TITLE STATEMENT
Title Taxmann's Smart Strategies For Tax Savings
Sub Title A Complete Practical Guide For Tax & Investment Planning
Statement of responsibility, etc Mukesh M. Patel
260 ## - PUBLICATION, DISTRIBUTION, ETC. (IMPRINT)
Place of publication New Delhi
Name of publisher Taxmann Allied Services
Year of publication 2008
300 ## - PHYSICAL DESCRIPTION
Number of Pages 275p. :
Dimensions 24cm.
650 ## - SUBJECT ADDED ENTRY--TOPICAL TERM
Topical Term Military, tax, trade & industrial law
700 ## - ADDED ENTRY--PERSONAL NAME
Personal name Jigar M. Patel
942 ## - ADDED ENTRY ELEMENTS (KOHA)
Koha item type English Books
Holdings
Withdrawn status Lost status Damaged status Not for loan Home library Current library Shelving location Date acquired Full call number Accession Number Price effective from Koha item type
        Anna Centenary Library Anna Centenary Library 4TH FLOOR, A WING 03.05.2026 343.73052 PAT 93356 03.05.2026 English Books

Find us on the map